|
|
|
|
| LEADER |
01288nam a2200337 a 4500 |
| 001 |
36255 |
| 003 |
BD-DhAAL |
| 005 |
20211201101623.0 |
| 008 |
191107t1981 enka b 001 0 eng |
| 999 |
|
|
|c 41777
|d 41777
|
| 010 |
|
|
|a 81006417
|
| 020 |
|
|
|a 0470272317 (Halsted Press)
|
| 040 |
|
|
|a DLC
|c DLC
|d DLC
|d BD-DhAAL
|
| 050 |
0 |
0 |
|a BF318
|b .S54 1981
|
| 082 |
0 |
0 |
|a 370.155
|2 19
|
| 100 |
1 |
|
|a Sless, David.
|9 36890
|
| 245 |
1 |
0 |
|a Learning and visual communication /
|c David Sless.
|
| 260 |
|
|
|a London :
|b Croom Helm ;
|a New York :
|b Wiley,
|c c1981.
|
| 300 |
|
|
|a 208 pages :
|b illustrations ;
|c 22 cm.
|
| 490 |
|
|
|a New patterns of learning
|
| 500 |
|
|
|a "A Halsted Press book."
|
| 504 |
|
|
|a Includes Bibliographical references(pages 189-199) and index.
|
| 526 |
|
|
|a BIED
|
| 541 |
|
|
|a Complimentary copy from BIED
|e 36255
|
| 650 |
|
0 |
|a Learning, Psychology of.
|9 36891
|
| 650 |
|
0 |
|a Visual perception.
|9 36892
|
| 650 |
|
0 |
|a Interpersonal communication.
|9 36893
|
| 650 |
|
0 |
|a Social science
|9 36894
|
| 852 |
|
|
|a Ayesha Abed Library
|c BIED Collection
|
| 942 |
|
|
|2 ddc
|c BK
|
| 952 |
|
|
|0 0
|1 0
|2 ddc
|4 0
|6 370_155000000000000_SLE
|7 0
|9 67092
|a BRACUL
|b BRACUL
|c GEN
|d 2019-11-07
|e Complimentary copy from BIED
|l 0
|o 370.155 SLE
|p 3010036255
|r 2019-11-07
|t 1
|w 2019-11-07
|y BK
|x Transferred from BIED to General Stacks
|